Arab and African film making / (Record no. 124528)
[ view plain ]
| 000 -LEADER | |
|---|---|
| fixed length control field | 01141nam a2200325 a 4500 |
| 001 - CONTROL NUMBER | |
| control field | 609341 |
| 003 - CONTROL NUMBER IDENTIFIER | |
| control field | ARRUPE |
| 005 - DATE AND TIME OF LATEST TRANSACTION | |
| control field | 20160404123501.0 |
| 008 - FIXED-LENGTH DATA ELEMENTS--GENERAL INFORMATION | |
| fixed length control field | 911121s1991 enka 001 0 eng |
| 010 ## - LIBRARY OF CONGRESS CONTROL NUMBER | |
| LC control number | 91219178 |
| 020 ## - INTERNATIONAL STANDARD BOOK NUMBER | |
| International Standard Book Number | 0862329167 |
| 020 ## - INTERNATIONAL STANDARD BOOK NUMBER | |
| International Standard Book Number | 0862329175 (pbk.) |
| 040 ## - CATALOGING SOURCE | |
| Original cataloging agency | DLC |
| Transcribing agency | DLC |
| 043 ## - GEOGRAPHIC AREA CODE | |
| Geographic area code | ma----- |
| -- | f------ |
| 050 00 - LIBRARY OF CONGRESS CALL NUMBER | |
| Classification number | PN1993.5A65 |
| Item number | M3 1991 |
| 082 00 - DEWEY DECIMAL CLASSIFICATION NUMBER | |
| Classification number | 791.43/0917/5927 |
| Edition number | 20 |
| 300 ## - PHYSICAL DESCRIPTION | |
| Other physical details | ill. ; |
| Dimensions | 23 cm. |
| 100 1# - MAIN ENTRY--PERSONAL NAME | |
| Personal name | Malkmus, Lizbeth. |
| 9 (RLIN) | 23533 |
| 245 10 - TITLE STATEMENT | |
| Title | Arab and African film making / |
| Statement of responsibility, etc | Lizbeth Malkmus and Roy Armes. |
| 260 ## - PUBLICATION, DISTRIBUTION, ETC. (IMPRINT) | |
| Place of publication, distribution, etc | London ; |
| -- | Atlantic Highlands, N.J., USA : |
| Name of publisher, distributor, etc | Zed Books, |
| Date of publication, distribution, etc | 1991. |
| 300 ## - PHYSICAL DESCRIPTION | |
| Extent | ix, 264 p.; |
| 500 ## - GENERAL NOTE | |
| General note | Cover title: Arab & African film making. |
| 504 ## - BIBLIOGRAPHY, ETC. NOTE | |
| Bibliography, etc | Includes bibliographical references (p. 237-258) and index. |
| 650 #0 - SUBJECT ADDED ENTRY--TOPICAL TERM | |
| Topical term or geographic name as entry element | Motion pictures |
| Geographic subdivision | Arab countries. |
| 9 (RLIN) | 23534 |
| 650 #0 - SUBJECT ADDED ENTRY--TOPICAL TERM | |
| Topical term or geographic name as entry element | Motion pictures |
| Geographic subdivision | Africa. |
| 9 (RLIN) | 23010 |
| 700 1# - ADDED ENTRY--PERSONAL NAME | |
| Personal name | Armes, Roy. |
| 9 (RLIN) | 23535 |
| 740 0# - ADDED ENTRY--UNCONTROLLED RELATED/ANALYTICAL TITLE | |
| Uncontrolled related/analytical title | Arab & African film making. |
| 906 ## - LOCAL DATA ELEMENT F, LDF (RLIN) | |
| a | 7 |
| b | cbc |
| c | orignew |
| d | 2 |
| e | ncip |
| f | 19 |
| g | y-gencatlg |
| 942 ## - ADDED ENTRY ELEMENTS (KOHA) | |
| Source of classification or shelving scheme | Library of Congress Classification |
| Koha item type | Monograph ( Printed materials) |
| Withdrawn status | Lost status | Source of classification or shelving scheme | Damaged status | Not for loan | Collection code | Home library | Current library | Shelving location | Date acquired | Total Checkouts | Full call number | Barcode | Date last seen | Price effective from | Koha item type |
|---|---|---|---|---|---|---|---|---|---|---|---|---|---|---|---|
| Library of Congress Classification | Main Collection | ARRUPE LIBRARY | ARRUPE LIBRARY | Main Collection | 04/04/2016 | PN1993.5A65M3 1991 | 46500007117 | 27/03/2019 | 04/04/2016 | Monograph ( Printed materials) |